|
|
|
|
| LEADER |
00942nam a2200229 a 4500 |
| 001 |
GR-MES9026 |
| 008 |
881025s2002 xxu u000 b engxd |
| 020 |
|
|
|a 0596002971
|
| 040 |
|
|
|a GrPaTEI
|b gre
|c GR-PaULI
|
| 082 |
|
0 |
|a 004.62
|
| 100 |
1 |
|
|a Hunt, Craig
|
| 245 |
1 |
0 |
|a TCP/IP network administration /
|c Craig Hunt.
|
| 260 |
|
|
|a Sebastopol, CA :
|b O'Reilly,
|c 2002
|
| 300 |
|
|
|a xvii, 725 σ. ;
|c 26 εκ.
|
| 505 |
1 |
|
|a Includes index
|
| 650 |
|
4 |
|a ΗΛΕΚΤΡΟΝΙΚΟΙ ΥΠΟΛΟΓΙΣΤΕΣ
|x ΔΙΚΤΥΑ
|
| 650 |
|
4 |
|a Ηλεκτρονικοί υπολογιστές
|x Πρωτόκολλα δικτύων
|
| 650 |
|
4 |
|a Πρωτόκολλα δικτύων
|x TCP/IP
|
| 942 |
|
|
|2 ddc
|
| 952 |
|
|
|0 0
|1 0
|2 ddc
|4 0
|6 004_620000000000000_HUN
|7 0
|9 279350
|a MSLG
|b MSLG
|c BSC
|d 2021-01-17
|e 24
|f 0
|g 0.00
|l 0
|o 004.62 HUN
|p 2420000019028
|r 2021-01-17 00:00:00
|t 1
|w 2021-01-17
|y BK15
|x 20040331 0 1
|x GrPaTEI
|
| 971 |
|
|
|a .b25874962
|b 01-10-20
|c 14-09-16
|
| 999 |
|
|
|c 162761
|d 162761
|